书目信息 |
| 题名: |
流体逻辑导论
|
|
| 作者: | 菲奇 , 苏尔佳特马扎 , Suraatmadza , Fitch 著 ;清华大学流体传动与控制教研组 | |
| 分册: | ||
| 出版信息: | 北京 机械工业出版社 1985 |
|
| 页数: | 331页 | |
| 开本: | 20cm | |
| 丛书名: | ||
| 单 册: | ||
| 中图分类: | TP6 | |
| 科图分类: | ||
| 主题词: | 逻辑系统-流体 , 气动技术-计算机辅助设计 , 计算机辅助设计-气动技术 , 流体器件 , 流体-逻辑系统 , 射流技术 | |
| 电子资源: | ||
| ISBN: | ||
| 000 | 01171nam0 2200373 45 | |
| 001 | 0185020133 | |
| 005 | 20061123170039.31 | |
| 010 | @dCNY3.15 | |
| 091 | @aCN@b15033.5890 | |
| 100 | @a19900923d1985 emky0chiy0121 ea | |
| 101 | 1 | @achi@ceng |
| 102 | @aCN@b110000 | |
| 105 | @ay z 000yy | |
| 200 | 10 | @a流体逻辑导论@Aliu ti luo ji dao lun@f(美)菲奇(Fitch,E.C.),苏尔佳特马扎(Suraatmadza,J.B.)著@g清华大学流体传动与控制教研组译 |
| 210 | @a北京@c机械工业出版社@d1985 | |
| 215 | @a331页@d20cm | |
| 300 | @a书名原文:Introduction to fluid logic | |
| 300 | @a根据1978年英文版译出 | |
| 510 | 1 | @aIntroduction to fluid logic@zeng |
| 606 | @a逻辑系统-流体 | |
| 606 | @a气动技术-计算机辅助设计 | |
| 606 | @a计算机辅助设计-气动技术 | |
| 606 | @a流体器件 | |
| 606 | @a流体-逻辑系统 | |
| 606 | 0 | @a射流技术 |
| 690 | @aTP6@v8 | |
| 701 | 1 | @a菲奇@Afei ji@bE.C@4著 |
| 701 | 1 | @a苏尔佳特马扎@bJ.B.@4著 |
| 701 | A1 | @aSuraatmadza@bJ.B.@4著 |
| 701 | A1 | @aFitch@bE.C.@4著 |
| 712 | 02 | @a清华大学流体传动与控制教研组@Aqing hua da xue liu ti chuan dong yu kong zhi jiao yan zu |
| 801 | 2 | @aCN@bNLC@c20061123 |
| 801 | 0 | @aCN@bTSSF |
| 905 | @a10447@dTP6@e8 | |
| 流体逻辑导论/(美)菲奇(Fitch,E.C.),苏尔佳特马扎(Suraatmadza,J.B.)著/清华大学流体传动与控制教研组译.-北京:机械工业出版社,1985 |
| 331页;20cm |
| 书名原文:Introduction to fluid logic.-根据1978年英文版译出 |
| ISBN :CNY3.15 |
| ● |
| 相关链接 |
|
|
|
|
正题名:流体逻辑导论
索取号:TP6/8
 
预约/预借
| 序号 | 登录号 | 条形码 | 馆藏地/架位号 | 状态 | 备注 |
| 1 | 0155623 | 001643582 | 第二样本阅览室/ [索取号:TP6/8] | 在馆 |